| 000 | 00527nam a2200157 i 4500 | ||
|---|---|---|---|
| 001 | 37822 | ||
| 003 | ES-MaACL | ||
| 007 | t| | ||
| 008 | 030221s1984 sp ||||1| spa d | ||
| 100 | 1 |
_aCádiz Deleito, Juan Carlos. _933401 |
|
| 245 | 1 | 3 |
_aLa energía eólica _b: tecnología e historia / _cJuan Carlos Cádiz Deleito ; ilustraciones Juan Ramos Cabrero. |
| 260 |
_a[Madrid] : _bHermann Blume, _c[1984] |
||
| 300 |
_a221 p. : _bil. ; _c24 cm. |
||
| 700 | 1 |
_aRamos Cabrero, Juan. _995289 |
|
| 852 |
_aES-MaACL _jL-7201 _bR.107910 |
||
| 999 |
_c37822 _d37822 |
||